• 首页
  • 本馆介绍
  • 公告通知
  • 最新文献
  • 馆藏检索
  • 电子资源
  • 读者导购
  • 参考咨询
  • 我的图书馆
  • 登录
  • 详细信息显示
  • 放入我的书架
  • 预约/预借图书
  • 作者相关作品
  • 分类相关作品
  • 丛书相关作品
  • 出版社相关作品

书目信息

  • 表格格式
  • 工作单格式
  • 卡片格式
题名:
纵一苇之所如
    
 
作者: 李醒民 著
分册:  
出版信息: 桂林   广西师范大学出版社  2004
页数: 293页
开本: 21cm
丛书名: 科学文化随笔丛书
单 册:
中图分类: N02-53
科图分类:
主题词: 科学哲学--文集
电子资源:
ISBN: 7-5633-4353-9
000 00771oam2 2200241 450
001 1558777956
005 20150118150547.98
010    @a7-5633-4353-9@dCNY17.50
100    @a20040421d2004 emky0chiy50 ea
101 0  @achi
102    @aCN@b440000
105    @ay z 000yy
200 1  @a纵一苇之所如@9zong yi wei zhi suo ru@f李醒民著
210    @a桂林@c广西师范大学出版社@d2004
215    @a293页@d21cm
225 2  @a科学文化随笔丛书
330    @a本书是作者创作的以科学精神、人文情怀为理念的随笔作品,其文章有:爱因斯坦与音乐,现代科学的精神气质,科学探索的动机等。
461  0 @12001 @a科学文化随笔丛书
606 0  @a科学哲学@j文集
690    @aN02-53@v5
701  0 @a李醒民@9li xing min@f(1945~)@4著
801  0 @aCN@bTSSF@c20150118
905    @aZUCC@dN02-53@eJY19
    
    纵一苇之所如/李醒民著.-桂林:广西师范大学出版社,2004
    293页;21cm.-(科学文化随笔丛书)
    
    
    ISBN 7-5633-4353-9:CNY17.50
    本书是作者创作的以科学精神、人文情怀为理念的随笔作品,其文章有:爱因斯坦与音乐,现代科学的精神气质,科学探索的动机等。
●
相关链接 在E读中查询图书 在五车中查询图书 在当当中查询图书 在豆瓣中查询图书


正题名:纵一苇之所如     索取号:N02-53/JY19         预约/预借

序号 登录号 条形码 馆藏地/架位号 状态 备注
1 7848205   278482054   学院路分馆/ [索取号:N02-53/JY19] 在馆    
2 7848206   278482063   学院路分馆/ [索取号:N02-53/JY19] 在馆    
3 7853074   278530742   学院路分馆/ [索取号:N02-53/JY19] 在馆    
4 7853075   278530751   学院路分馆/ [索取号:N02-53/JY19] 在馆    
唐山师范学院图书馆 欢迎您!
大连网信软件有限公司© 版权所有